ABA Consumer Guide to Asset Protection A Step-by-Step Guide to Preserving Wealth /

Detalles Bibliográficos
Autor principal: Matsen, Jeffrey Robert
Formato: eBook
Lenguaje:inglés
Publicado: Chicago: American Bar Association, 2015
Materias:
Acceso en línea:Acceso restringido

MARC

LEADER 00000nam a22000007a 4500
005 2021022408238.0
007 cr|||| ||||
008 210224s2015 us |||||s|||| 00||0 eng d
020 |a 9781627227650 
035 |a 31209 
040 |a vLex 
090 |c 11240  |d 11240 
100 1 |a Matsen, Jeffrey Robert 
245 1 0 |a ABA Consumer Guide to Asset Protection  |h [Recurso electrn̤ico] :  |b A Step-by-Step Guide to Preserving Wealth /  |c Jeffrey Robert Matsen 
256 |a Servicio en ln̕ea 
260 |a Chicago:  |b American Bar Association,  |c 2015 
300 |a 1 recurso electrn̤ico 
500 |a The purpose of this book is to provide a straightforward and elementary understanding of asset protection and how it can be effectively implemented by taking various steps-like rungs on a ladder. This is a multi-tiered plan and works together as a whole to bring an individual to a higher level of protection. Some of the steps of the ladder may not be relevant to every individual, but they are all worthy of consideration and review. Through this book, an individual can determine the best course to take for their particular situation. 
506 1 |a Disponible solo en los productos indicados  |d vLex Global  |d vLex Global (Academic Edition, excluding Law Schools)  |d vLex Global (Academic Edition, Law Schools) 
650 0 4 |a Sociedades  |z Estados Unidos 
650 0 4 |a Comercio  |z Estados Unidos 
740 0 |a vLex Libros (Servicio en ln̕ea) 
856 4 0 |u http://vlex.com/source/aba-consumer-guide-to-asset-protection-a-step-by-step-guide-to-preserving-wealth-31209  |z Acceso restringido 
942 |c BOOK 
999 0 |a Companies 
999 0 |a Trade